000 01162aab a2200241 i 4500
001 768714001
003 CO-MdFUSB
005 20240705112816.0
008 240705t1996 sz ||||| |||| 00| 0 eng d
040 _bspa
_cCO-MdFUSB
041 _aeng
100 1 _aBiswas, Kajori
_eautor
245 1 0 _aVoices of youth :
_bIndia
_c/ Kajori Biswas
520 _aA través de dos historias de la India, el autor describe la injusticia, la pobreza, las creencias y la exclusión social que experimentan muchos niños y jóvenes en una sociedad basada en castas. Tal es la situación en la India, donde a los niños se les niega la infancia y donde las niñas pierden sus sueños en las cadenas de las estructuras sociales, quienes son explotados laboral y sexualmente.
546 _aTexto en inglés.
650 0 _aIglesia y problemas sociales
_91177
650 7 _aAntropología cultural y social
_96714
650 7 _aDerechos humanos
_9296
650 7 _aCristianismo y cultura
_96959
773 0 _tReformed World
_049396
_959535
_gVolumen 46, (número 2, 1996) páginas: 63 - 70
_qpágina: 63
942 _cANA
945 _aCatherine Arias Álvarez - Practicante SENA
999 _c55429
_d55429